000 01426nam a2200445 i 4500
001 44337
003 KOSZ 005
005 20210111100742.0
008 071031s2003 pl a f f |001 0 pol
020 _a8372444714
040 _aWA N
_cWA N
_dKOSZ 005/HR
046 _k2003
080 _a311
080 _a519.2
080 _a004.42
080 _a004.67
080 _a(075.8)
100 1 _aParlińska, Maria.
_eAutor
245 1 0 _aBadania statystyczne z Excelem /
_cMaria Parlińska, Jacek Parliński.
260 _aWarszawa :
_bWydawnictwo SGGW,
_c2003.
300 _a223 stron :
_bilustracje ;
_c24 cm.
336 _2rdacontent
_aTekst
_btxt
337 _2rdamedia
_aBez urządzenia pośredniczącego
_bn
338 _2rdacarrier
_aWolumin
_bnc
380 _aKsiążki
380 _aPublikacje dydaktyczne
385 _mPoziom nauczania
_aSzkoły wyższe
388 _a2001-
504 _aBibliografia : strony 237-243.
650 4 _aProgramy komputerowe
658 _aInformatyka i technologie informacyjne
655 4 _aPodręczniki akademickie
650 4 _aArkusz kalkulacyjny
650 4 _aStatystyka
650 4 _aExcel
700 1 _aParliński, Jacek.
_eAutor
710 2 _aWydawnictwo SGGW
_4pbl.
856 _uhttp://koha.tu.koszalin.pl/cgi-bin/koha/opac-detail.pl?biblionumber=44337
_yKatalog online BPK
942 _2UKD
_cKS
999 _c44337
_d44337